| 000 | 00755nam a22002057a 4500 | ||
|---|---|---|---|
| 999 |
_c62161 _d62161 |
||
| 005 | 20240725102638.0 | ||
| 008 | 240725s1991 ge ||||| |||| 00| 0 ger d | ||
| 020 | _a 9783423033428 | ||
| 041 | _ager | ||
| 080 | _a821.112.2.09 B-78 | ||
| 100 |
_a Borries, Erika _922941 |
||
| 245 |
_aDeutsche Literaturgeschichte : _bBand 2 Aufklärung und Empfindsamkeit, Sturm und Drang / _cErika Borries, Borries Ernst. |
||
| 264 |
_aMünchen : _b Deutscher Taschenbuch Verlag, _c1991. |
||
| 300 |
_a333 p.: _b20cm. |
||
| 440 |
_a Dtv. _922942 |
||
| 653 | _aDeutsche Literaturgeschichte | ||
| 653 | _aგერმანული ლიტერატურის ისტორია | ||
| 700 |
_a Borries, Ernst _922943 |
||
| 942 |
_2udc _cᲬᲘᲒᲜᲘ |
||